Los hermanos maristas en México : primera etapa: los pioneros, 1899-1914 /

Historia de los hermanos maristas en México, que arribaron a Guadalajara y Mérida en 1899, en respuesta al llamado de dos familias, originarias de aquellas ciudades, donde la orden inició su obra educativa. Este primer volumen cubre sus primeros quince años de actividades en la provincia mexicana, d...

Celý popis

Uloženo v:
Podrobná bibliografie
Další autoři: Pedroza y Pardo, Ramón (autor) (autor)
Médium: Kniha
Jazyk:španělština
Vydáno: México : Progreso, 1977, c1977
Edice:(Los Hermanos Maristas en México ; 1)
Témata:
Tagy: Přidat tag
Žádné tagy, Buďte první, kdo vytvoří štítek k tomuto záznamu!

MARC

LEADER 00000nam^a2200000^a^4500
001 000391257
005 20250521000000.0
009 20260310121210.373
020 |a 968-436-012-6 
037 |a Acervo ITESO - Biblioteca 
041 |a ESP 
082 |a 255. 79200972  |b HER V. 1 
240 1 5 |a [Los hermanos maristas en México] 
245 1 4 |a Los hermanos maristas en México :  |b primera etapa: los pioneros, 1899-1914 /  |c R. Pedroza y Pardo... [et al.] ; presen. de Aureliano Brambila de la Mora, José Luis Razo Ochoa. 
264 4 |a México :  |b Progreso,  |c 1977, c1977 
300 |a 264 p., 80 láminas 
336 |a texto  |b txt  |2 rdacontenido 
337 |a sin mediación  |b n  |2 rdamedio 
338 |a volumen  |b nc  |2 rdasoporte 
440 5 |a (Los Hermanos Maristas en México ;  |v 1) 
520 |a Historia de los hermanos maristas en México, que arribaron a Guadalajara y Mérida en 1899, en respuesta al llamado de dos familias, originarias de aquellas ciudades, donde la orden inició su obra educativa. Este primer volumen cubre sus primeros quince años de actividades en la provincia mexicana, desde 1899 hasta 1914. 
649 |a XX 
650 |a Iglesia Católica en México -  |x Historia 
650 |a Maristas en México -  |x Historia -  |x Tema Principal 
650 |a Maristas en la Educación -  |z México -  |x Historia 
650 |a Monasticismo y Ordenes Religiosas -  |z México -  |x Historia 
650 |a Catolicismo -  |z México -  |x Historia 
650 |a Cristianismo -  |z México -  |x Historia 
650 |a Religión -  |z México -  |x Historia 
650 |a Educación Religiosa -  |z México -  |x Historia 
650 |a Educación -  |z México -  |x Historia 
650 |a México -  |x Historia -  |y Porfirismo, 1876-1911 
650 |a México -  |x Historia -  |y República Liberal, 1867-1911 
650 |a México -  |x Historia -  |y Revolución, 1910-1917 
650 |a México -  |x Historia -  |y Siglo XX 
700 |a Pedroza y Pardo, Ramón  |e (autor) 
910 |a Fondo General 
920 |a Impresos - Libros 
930 |a Colección General 
905 |a 101 
901 |a 0500285983  |b IT1  |c ACC  |i D83192  |u 20250521 
902 |a https://opac.biblio.iteso.mx/vufind/Record/000391257